[Event "XIV Figueira da Foz Open 2020"]
[Site "Figueira da Foz"]
[Date "2020.10.27"]
[Round "5.9"]
[White "Fernandes, Miguel A. Murtinho"]
[Black "Margarido, Jose Miguel Teixeira"]
[Result "1-0"]
[WhiteElo "2139"]
[BlackElo "2138"]
[Annotator "TA"]
[PlyCount "75"]
[EventDate "2020.10.24"]
[EventType "swiss"]
[EventCountry "POR"]
[SourceTitle "playchess.com"]
[Source "ChessBase"]
[SourceQuality "1"]

{[%evp 12,75,0,0,0,0,0,0,0,0,0,0,0,-8,0,7,36,35,129,27,29,43,33,-7,15,12,8,0,0,0,14,6,8,0,15,24,18,20,166,158,360,313,371,127,436,433,613,576,589,617,907,927,880,731,638,464,583,394,433,433,420,420,516,445,835,816]} 1. d4 Nf6 2. c4 e6 3. Nf3 d5 4. Nc3 Bb4 5. Qa4+ Nc6 6. a3 Bxc3+ 7. bxc3 Ne4 {7...0-0 might become the main line. D38: Queen's Gambit Declined: Ragozin Defence (4 Nf3 Bb4).} 8. e3 Nxc3 9. Qc2 Ne4 {The position is equal.} 10. Bd3 f5 11. O-O O-O 12. Rb1 Rb8 13. a4 Bd7 14. Ba3 Rf6 (14... Re8 $14) 15. Rfc1 {[#]} (15. cxd5 $16 exd5 16. Rb5) 15... Be8 $146 ({Predecessor:} 15... Rg6 16. Bf1 b6 17. cxd5 exd5 18. Bb5 Qe8 19. Qa2 Nf6 20. Bxc6 Bxc6 21. Ne5 Ne4 {1-0 (41) Belov,V (2598)-Kazakovskiy,V (2485) Moscow 2019}) 16. cxd5 exd5 17. g3 Rh6 18. Rb5 {Hoping for Rxd5!} Bf7 $1 19. Rcb1 b6 20. Rc1 Kh8 21. Rb2 Bh5 22. Ne1 Qg5 23. Bb5 $36 {[%mdl 2048] Black is under pressure.} Be8 24. Qd1 Re6 (24... Qd8 $11) 25. Nd3 $18 Rd8 $2 (25... a6 $16 {might work better.}) 26. Nf4 Rf6 27. Bxc6 $2 ({Much less strong is} 27. f3 Qh6 $18) (27. Rbc2 $18 {[%cal Rb5c6] and White stays clearly on top.} Qh6 28. Bxc6 Rxc6 29. Rxc6 Bxc6 30. Qc2) 27... Bxc6 $4 {[%mdl 8192]} (27... Rxc6 $16 28. Rxc6 Bxc6) 28. Be7 {[%mdl 64] [#] Double Attack, Skewer} Rdd6 (28... Re8 $142 29. Bxf6 Qxf6) 29. f3 Nxg3 30. hxg3 Qxg3+ 31. Rg2 Qh4 32. Bxd6 Rxd6 33. Qe1 Qe7 34. Ra1 a5 35. Nd3 Be8 36. Ne5 c5 37. Qg3 {Black must now prevent Nf7+!} c4 {[#]} (37... Re6 $142 38. f4 c4) 38. Nf7+ $1 {[%mdl 576] Discovered Attack. Av CentiPawn Loss W=-34/B=-58. Weighted=-45/-71} 1-0

[Event "XIV Figueira da Foz Open 2020"]
[Site "Figueira da Foz"]
[Date "2020.10.27"]
[Round "5.10"]
[White "Silva, Mariana Sofia T."]
[Black "Tadevosyan, Aspet"]
[Result "0-1"]
[WhiteElo "1885"]
[BlackElo "2136"]
[Annotator "TA"]
[PlyCount "108"]
[EventDate "2020.10.24"]
[EventType "swiss"]
[EventCountry "POR"]
[SourceTitle "playchess.com"]
[Source "ChessBase"]
[SourceQuality "1"]

{[%evp 9,108,-8,-1,-2,4,-8,-11,-8,-10,13,16,2,50,-26,-31,-25,0,-22,0,-62,-47,-53,26,12,34,-20,0,-159,4,0,0,-76,-56,-274,-259,-272,-261,-283,-219,-349,-351,-351,-347,-303,-287,-311,-322,-534,-530,-568,-538,-29994,-454,-450,-433,-444,-441,-515,-505,-484,-437,-415,-415,-414,-404,-402,-356,-437,-18,-509,-501,-523,-539,-591,-565,-576,-562,-704,-690,-680,-662,-577,-487,-817,-810,-854,-816,-845,-854,-1407,-1277,-1206,-1522,-1429,-1283,-1876,-1808,-1810,-1722,-4829,-4129]} 1. Nf3 c5 2. g3 Nc6 3. b3 d5 4. Bb2 f6 5. d4 cxd4 6. Nxd4 {A04: Unusual lines after 1 Nf3 and King's Indian Attack.} e5 7. Nxc6 bxc6 8. Bg2 {The position is equal.} Be6 9. O-O {[#]} Rc8 $146 ({Predecessor:} 9... Bc5 10. c4 Ne7 11. cxd5 cxd5 12. Nc3 O-O 13. Rc1 Rc8 14. Na4 Bd6 15. Qd2 Qd7 {0-1 (32) Soham,D (2122)-Vo,T (2349) Ho Chi Minh City 2019}) 10. c4 d4 11. Re1 (11. f4 $14) 11... Bb4 12. Nd2 Qa5 13. Ne4 (13. a3 $5 {[%cal Ra3b4]} Bxd2 14. b4 Bxb4 15. axb4 Qxb4 16. Ba3 Qxc4 17. Qd2 $11) 13... Bxe1 14. Nd6+ (14. Qxe1 $11 Qxe1+ 15. Rxe1) 14... Kd7 $1 $15 15. Nxc8 Bb4 (15... Bxf2+ $1 $15 16. Kxf2 Kxc8) 16. a3 $11 Bf8 17. b4 ({Better is} 17. e3 $14) 17... Qc7 $36 {[%mdl 2048] Black is pushing.} 18. Qa4 $2 (18. e3 $11) 18... Qxc8 $2 (18... Kxc8 $17 19. Bxc6 Ne7) 19. Qxa7+ Qc7 $1 {[%cal Rc7a7] [#]} 20. Qa6 (20. Bxc6+ $1 $11 {[%mdl 512] remains equal.} Kd8 (20... Kxc6 21. b5+) 21. Qa8+ Qc8 22. Qa5+ Qc7 23. Qa8+ Qc8 24. Qa5+ Qc7 25. Qa8+) 20... Nh6 21. b5 $2 {White is now going downhill.} ({White should play} 21. c5 $15) 21... Bc5 $19 22. Bxc6+ {[#]} Ke7 $1 23. a4 Rd8 24. a5 (24. Bd5 {was necessary.} Bc8 25. Qc6 Qxc6 26. Bxc6) 24... Bc8 25. Qa8 {Black must now prevent b6.} Bg4 {[%mdl 64] Discovered Attack} 26. Qb7 Qxb7 27. Bxb7 Bxe2 {And now ...d3 would win.} 28. a6 $2 (28. Bc1 d3 29. Ra2) 28... d3 29. a7 d2 30. a8=Q Rxa8 (30... d1=Q+ $142 31. Rxd1 Rxd1+ 32. Kg2 Bf1+ 33. Kf3 Rd3+ 34. Ke4 f5+ 35. Kxe5 Bd6#) 31. Bxa8 d1=Q+ 32. Rxd1 Bxd1 33. Kf1 Bb3 34. Bd5 Kd6 35. Bc3 Nf5 36. Ba5 Ne7 37. Bf7 Nc8 38. Ke2 Nb6 $2 (38... Kd7 $19 {...Nd6 is the strong threat.} 39. Kd3 Nd6) 39. Kd3 $2 {[%mdl 8192]} (39. Bxb6 $1 $11 Bxb6 {[#]} 40. c5+ $1 {[%mdl 512]} Kxc5 41. Bxb3) 39... Bd1 {Black is clearly winning.} 40. f4 Bf3 41. Bg8 e4+ 42. Kd2 e3+ 43. Ke1 Be4 44. Ke2 Bf5 45. Bc3 h6 46. Be1 (46. Ba5 $142) 46... Be6 47. Bxe6 Kxe6 48. Kd3 Kf5 49. h3 h5 50. Bc3 {[#]} h4 $1 51. Be1 (51. gxh4 Kxf4) 51... Nd7 52. Ke2 Ke4 53. g4 Kxf4 54. Bxh4 Bb4 {Av CentiPawn Loss W=-110/B=-63. Weighted=-124/-51} 0-1

[Event "XIV Figueira da Foz Open 2020"]
[Site "Figueira da Foz"]
[Date "2020.10.27"]
[Round "5.11"]
[White "Morais, Mario Martins Freita"]
[Black "Varela La Madrid, Tilsia Carolina"]
[Result "0-1"]
[WhiteElo "1808"]
[BlackElo "2060"]
[Annotator "TA"]
[PlyCount "64"]
[EventDate "2020.10.24"]
[EventType "swiss"]
[EventCountry "POR"]
[SourceTitle "playchess.com"]
[Source "ChessBase"]
[SourceQuality "1"]

{[%evp 9,64,13,15,14,7,0,-5,-290,-293,-364,-383,-388,-367,-372,-367,-366,-356,-355,-352,-352,-338,-380,-326,-386,-378,-387,-380,-384,-369,-402,-393,-474,-464,-515,-516,-559,-549,-546,-543,-549,-522,-668,-549,-547,-547,-562,-564,-560,-559,-562,-562,-557,-528,-680,-673,-672,-659]} 1. d4 d5 2. Nf3 e6 3. Bf4 Nf6 4. e3 Nbd7 5. Nbd2 Be7 6. h3 {D02: 1 d4 d5 2 Nf3 sidelines, including 2...Nf6 3 g3 and 2...Nf6 3 Bf4.} c5 7. c4 cxd4 {[%mdl 64] [#] Overworked Piece} 8. Nxd4 $2 {[%mdl 8192]} (8. exd4 $11 dxc4 9. Bxc4) 8... e5 $19 {[%mdl 64] Double Attack} 9. cxd5 {intending d6.} exf4 ({But not} 9... Nxd5 10. Bxe5 Nxe5 11. Bb5+ Bd7 12. Qb3 $19) 10. e4 O-O 11. Be2 Bb4 12. O-O Bxd2 13. Qxd2 Nxe4 14. Qxf4 Ndf6 15. Bc4 Qd6 16. Qe3 Bd7 17. Rad1 Rfe8 18. Qb3 Nc5 19. Qf3 Rac8 20. a3 Na4 {Black is clearly winning.} 21. Ba2 Nxb2 22. Rb1 Nc4 23. Rfd1 b6 24. Nc6 Bxc6 25. dxc6 Qxc6 26. Qxc6 Rxc6 27. Rbc1 b5 28. a4 a6 {[%cal Ba7a6,Ba6b5,Bb5c4][%mdl 32]} 29. axb5 axb5 30. Rb1 Ra6 31. Bxc4 bxc4 32. Rb4 Rc6 {White did not feel at home in the position after the opening. Av CentiPawn Loss W=-33/B=-12. Weighted=-54/-11} 0-1

[Event "XIV Figueira da Foz Open 2020"]
[Site "Figueira da Foz"]
[Date "2020.10.27"]
[Round "5.12"]
[White "Silva, Pedro Gil Ferreira D"]
[Black "Navarro Martinez, Victor"]
[Result "1-0"]
[WhiteElo "2034"]
[BlackElo "1732"]
[Annotator "TA"]
[PlyCount "41"]
[EventDate "2020.10.24"]
[EventType "swiss"]
[EventCountry "POR"]
[SourceTitle "playchess.com"]
[Source "ChessBase"]
[SourceQuality "1"]

{[%evp 29,40,67,72,64,81,33,77,43,41,43,95,121,29999]} 1. e4 c5 2. Nf3 Nc6 3. d4 cxd4 4. Nxd4 g6 5. c4 Bg7 6. Be3 Nf6 7. Nc3 Ng4 8. Qxg4 Nxd4 9. Qd1 Ne6 10. Qd2 Qa5 11. Rc1 b6 12. Be2 Bb7 13. f3 h5 14. O-O g5 15. Rfd1 d6 16. a3 {B39: Sicilian: Maroczy Bind with 5...Bg7 and 7...Ng4.} h4 17. Qc2 Qe5 18. Qa4+ Kf8 $1 19. b4 Nf4 (19... Bf6 $14) 20. Qd7 $16 Bc8 $2 {[%mdl 8192] [#]} (20... Nxe2+ $16 21. Nxe2 Bxe4 22. fxe4 Qxe4 23. Bxg5 Rh5) 21. Qd8# 1-0

[Event "XIV Figueira da Foz Open 2020"]
[Site "Figueira da Foz"]
[Date "2020.10.27"]
[Round "5.13"]
[White "Movsisyan, Tigran"]
[Black "Torres Dominguez, David"]
[Result "0-1"]
[WhiteElo "1730"]
[BlackElo "2029"]
[Annotator "TA"]
[PlyCount "58"]
[EventDate "2020.10.24"]
[EventType "swiss"]
[EventCountry "POR"]
[SourceTitle "playchess.com"]
[Source "ChessBase"]
[SourceQuality "1"]

{[%evp 14,58,32,36,37,29,52,46,78,47,77,70,77,62,59,49,145,47,25,0,0,0,0,0,0,0,0,0,0,0,19,3,19,0,19,-4,35,45,158,-608,-601,-926,-677,-1324,-948,-5904,-5706]} 1. e4 e5 2. Nf3 d6 3. d4 exd4 4. Nxd4 Nf6 5. Nc3 Be7 6. h3 O-O 7. Bd3 c6 8. O-O d5 {C41: Philidor Defence.} 9. exd5 Nxd5 10. Nxd5 Qxd5 {White is slightly better.} 11. Bf4 Bf6 12. Nb5 {aiming for Nc7.} Na6 $1 {[#]} 13. c4 $1 {[%cal Rc4d5]} Qd8 14. Nd6 Bxb2 (14... Nc5 $14) 15. Rb1 ({And not} 15. Qh5 g6 $17) (15. Bxh7+ $1 $16 Kxh7 16. Qc2+ Kg8 17. Qxb2) 15... Qf6 $14 16. Qf3 {Strongly threatening Ne4.} Nc5 17. Bxh7+ {[%mdl 64] [#] Decoy} Kxh7 18. Qh5+ $40 {[%mdl 128] Black needs to defend precisely.} Kg8 19. Qxc5 Bd4 $1 {[%cal Rd4c5]} 20. Qg5 b6 21. Qg3 Be6 22. Rfe1 c5 23. Rbd1 Rad8 24. h4 Rd7 25. h5 g5 ({Better is} 25... Kh7 $14) 26. Ne4 $2 {White does not recover from this.} (26. Bxg5 $16 Qg7 27. Rd3 Rxd6 28. Bh6 {[%mdl 64] Skewer} Qxg3 29. Rxg3+ Kh7 30. Bxf8) 26... Qxf4 $19 {Black is clearly winning.} 27. Qb3 g4 {White must now prevent ...f5.} 28. Rd3 Rfd8 29. Red1 Qxe4 {Av CentiPawn Loss W=-141/B=-54. Weighted=-200/-71} 0-1

[Event "XIV Figueira da Foz Open 2020"]
[Site "Figueira da Foz"]
[Date "2020.10.27"]
[Round "5.14"]
[White "Pipiras, Filipa Fortuna"]
[Black "Silva, Jose Lucas Ferreira"]
[Result "1-0"]
[WhiteElo "1912"]
[BlackElo "1336"]
[Annotator "TA"]
[PlyCount "75"]
[EventDate "2020.10.24"]
[EventType "swiss"]
[EventCountry "POR"]
[SourceTitle "playchess.com"]
[Source "ChessBase"]
[SourceQuality "1"]

{[%evp 24,75,71,62,84,18,110,110,118,88,181,181,495,504,499,502,653,631,737,733,730,733,722,720,828,713,761,760,758,750,743,741,830,830,839,808,2012,1959,2014,1724,5427,1760,29987,29988,29988,29970,29970,29971,29986,29987,29992,29993,29993,29994]} 1. d4 Nf6 2. c4 e6 3. Nc3 d5 4. cxd5 exd5 5. Bg5 Be7 6. e3 c6 7. Bd3 O-O 8. Qc2 Nbd7 9. Nf3 Re8 10. O-O Nf8 11. Rab1 g6 12. b4 Ne6 {[#]} 13. Bh4 $1 {[#]} Bd7 $146 {D36: Queen's Gambit Declined: Exchange Variation: Main line (5 Bg5 c6 6 Qc2).} ({Predecessor:} 13... a6 14. a4 Ng7 15. b5 axb5 16. axb5 Bf5 17. bxc6 bxc6 18. Bxf6 Bxf6 19. Bxf5 Nxf5 20. Na4 Ra6 21. Nc5 Ra3 22. Rb3 Rxb3 23. Qxb3 Nd6 24. Rb1 Nb5 {0-1 (59) Sharapov,E (2380)-Arabidze,M (2437) chess.com INT 2020}) 14. b5 (14. Ne5 $16) 14... Ng7 (14... c5 $1 $11) 15. bxc6 $16 {White now steadily converts the win.} bxc6 {White is better.} 16. Ne5 {aiming for Rb7.} Rc8 (16... Ng4 $16 17. Bxe7 Qxe7) 17. Rb7 $18 {Hoping for Bxf6.} Rc7 $2 (17... Be6 {is a better chance.} 18. Qa4 (18. Rxa7 Ng4 $16) 18... Qd6) 18. Rxc7 Qxc7 19. Bxf6 Bxf6 {[#]} 20. Nxd5 $1 {[%mdl 576] Double Attack, Pin} Qd6 (20... cxd5 21. Qxc7) 21. Nxf6+ {[%mdl 64] Overworked Piece} Qxf6 22. Nxd7 Qd6 23. Nc5 Ne6 24. Nxe6 Qxe6 25. Rc1 Rc8 26. Bc4 Qd7 27. h3 a5 28. Qa4 Qa7 {[#]} 29. Bd5 $1 c5 (29... cxd5 30. Rxc8+) 30. dxc5 Kg7 31. c6 Qc7 32. Rb1 Rb8 33. Rxb8 {White mates.} Qxb8 34. Qb3 Qe5 35. g3 h5 36. Qc4 f6 37. c7 Qa1+ 38. Kg2 {Av CentiPawn Loss W=-64/B=-175. Weighted=-53/-149} 1-0

[Event "XIV Figueira da Foz Open 2020"]
[Site "Figueira da Foz"]
[Date "2020.10.27"]
[Round "5.15"]
[White "Guerreiro, Nuno"]
[Black "Dantas, Carlos"]
[Result "1-0"]
[WhiteElo "2079"]
[BlackElo "2126"]
[Annotator "TA"]
[PlyCount "81"]
[EventDate "2020.10.24"]
[EventType "swiss"]
[EventCountry "POR"]
[SourceTitle "playchess.com"]
[Source "ChessBase"]
[SourceQuality "1"]

{[%evp 13,81,17,33,24,28,43,38,45,58,54,46,45,91,24,66,29,44,44,54,47,174,179,178,166,150,152,347,342,393,387,329,308,332,342,345,312,396,400,435,405,400,321,363,389,408,339,330,326,333,337,541,458,570,462,410,346,332,306,524,527,692,685,704,705,766,733,1073,1065,1049,1044]} 1. Nf3 Nf6 2. c4 g6 3. g3 Bg7 4. Bg2 d5 5. cxd5 Nxd5 6. d4 O-O 7. O-O c6 8. Qc2 {[#] D74: Fianchetto Grünfeld: Main Line (5 Nf3 0-0 6 cxd5 Nxd5 7 0-0).} Bg4 $146 ({Predecessor:} 8... Na6 9. a3 Nac7 10. Nbd2 Nb5 11. e3 Be6 12. Nb3 Re8 13. Bd2 Nd6 14. Nc5 Bc8 15. e4 Nb6 {1-0 (38) Rendboe,J (2127)-Erlandsen,C (2067) Denmark 2018}) 9. Rd1 Na6 10. Nc3 {[%cal Bb1c3,Bc3e4,Be4c5][%mdl 32] White is slightly better.} Rc8 11. h3 Be6 12. Ng5 Nac7 13. Qa4 (13. e4 $16 Nxc3 14. bxc3) 13... a6 14. Nce4 b5 15. Qa5 h6 16. Nf3 Rb8 ({Black should try} 16... Nf6 $14 17. Nc5 Bd5) 17. Nc5 $18 Bc8 18. Ne5 Qd6 19. e4 Nb6 $2 {Now Black is done in.} (19... Bxe5 $16 20. dxe5 (20. exd5 Nxd5 21. dxe5 Qxc5 $16) 20... Qxc5) 20. Bf4 Qf6 21. Nf3 e5 22. Bxe5 Qe7 23. Bxg7 Kxg7 24. Ne5 Qd6 25. Rac1 Re8 26. Qc3 f6 27. Nf3 Nd7 28. e5 Qf8 29. Nxd7 Bxd7 30. exf6+ Qxf6 31. Ne5 {[%mdl 64] [#] Double Attack} Be6 $2 (31... Re7 32. Nxd7 Rxd7 33. Qxc6 Qxc6 34. Rxc6 Re8) 32. Qxc6 Rbc8 33. Qd6 Re7 34. Nc6 Rf7 35. Qe5 Bxa2 $2 (35... Ne8 {keeps fighting.} 36. Rc5 g5) 36. Qxf6+ {White is clearly winning.} Rxf6 37. Ne7 Re8 38. Rxc7 Rf7 39. Re1 Kf6 40. Rc6+ {[%mdl 64] Double Attack} Kg7 {[#]} 41. Nf5+ $1 {[%mdl 64] Discovered Attack. Av CentiPawn Loss W=-18/B=-46. Weighted=-18/-59} 1-0

[Event "XIV Figueira da Foz Open 2020"]
[Site "Figueira da Foz"]
[Date "2020.10.27"]
[Round "5.16"]
[White "Roettgen, Juergen"]
[Black "Dias, Jose Oliveira Gaspar"]
[Result "1-0"]
[WhiteElo "2099"]
[BlackElo "1589"]
[Annotator "TA"]
[PlyCount "66"]
[EventDate "2020.10.24"]
[EventType "swiss"]
[EventCountry "POR"]
[SourceTitle "playchess.com"]
[Source "ChessBase"]
[SourceQuality "1"]

{[%evp 13,66,39,43,35,27,16,33,21,99,96,78,81,99,35,48,34,45,39,82,99,148,87,146,141,140,136,188,172,213,195,184,121,116,119,123,95,136,131,266,256,616,613,617,614,802,790,975,965,877,768,1073,1044,29988,29989,29996]} 1. c4 Nf6 2. Nc3 g6 3. g3 Bg7 4. Bg2 O-O 5. d3 c6 6. e4 d6 7. Nge2 e5 8. h3 {A24: English Opening vs King's Indian: Lines without ...Nc6.} a5 9. Be3 Na6 10. O-O {White is slightly better.} h6 (10... Rb8 $11) 11. Qd2 $16 Kh7 12. f4 exf4 13. gxf4 (13. Rxf4 $16 Qe7 14. Raf1) 13... Nh5 $14 14. f5 gxf5 15. exf5 Qh4 16. Ne4 $36 {[%mdl 2048] White is really pushing.} d5 17. Ng5+ ({White should try} 17. cxd5 {Strongly threatening f6.} Rg8 18. dxc6) 17... Kh8 (17... Kg8 $142) 18. Nf3 $16 Qf6 19. Bd4 (19. Qxa5 Qxb2 20. Bd2 b6 $17) 19... Qxf5 (19... Qd6 $16 {is a better defense.}) 20. Qxh6+ $1 $18 Qh7 21. Bxg7+ $1 Nxg7 {[#]} 22. Qxh7+ (22. Qf6 $1 $18 {Hoping for Ng5.} Qg6 23. Ne5 Qxf6 24. Rxf6) 22... Kxh7 $16 {[#]} 23. cxd5 $1 cxd5 24. Nf4 Be6 25. Ng5+ Kg8 {This costs Black the game.} (25... Kh6 $16 {was necessary.}) 26. Nxd5 $18 {And now Ne7+ would win.} ({Don't take} 26. Bxd5 $6 Nc5 $16) 26... Rad8 $2 (26... Nf5 27. Rae1 Bxd5) 27. Ne7+ {[%mdl 64] Discovered Attack} Kh8 {Now ...Rde8 and Black clings on.} 28. Rf6 {[%cal Rf6h6]} Nf5 29. Nxf5 Bxf5 30. Rxf5 Kg7 31. Be4 b6 32. Kh1 {Rg1 would kill now.} Nc5 33. Rg1 Nxe4 {Av CentiPawn Loss W=-18/B=-99. Weighted=-18/-71} 1-0

[Event "XIV Figueira da Foz Open 2020"]
[Site "Figueira da Foz"]
[Date "2020.10.27"]
[Round "5.17"]
[White "Soares, Sara Joana De Moura "]
[Black "Fernandes, Joao Pedro Murtinho"]
[Result "0-1"]
[WhiteElo "1654"]
[BlackElo "2084"]
[Annotator "TA"]
[PlyCount "64"]
[EventDate "2020.10.24"]
[EventType "swiss"]
[EventCountry "POR"]
[SourceTitle "playchess.com"]
[Source "ChessBase"]
[SourceQuality "1"]

{[%evp 20,63,41,45,49,18,0,0,25,23,39,27,31,32,62,17,27,20,22,17,42,0,89,105,98,-33,0,-89,-97,-97,-93,-124,-96,-128,0,0,0,0,0,0,0,0,0,-281,-277,-29999]} 1. d4 Nf6 2. c4 c5 3. d5 e6 4. Nc3 exd5 5. cxd5 d6 6. e4 g6 7. h3 Bg7 8. Nf3 O-O 9. Bd3 a6 10. O-O b5 11. Re1 Re8 {A70: Modern Benoni: 6 e4 g6 7 Nf3.} 12. a3 Nbd7 13. Bf4 Qb6 {The position is equal.} 14. Qd2 Bb7 15. Rad1 Rad8 16. Bc2 a5 17. b3 Nh5 18. Bh2 Ba6 19. Rb1 Qc7 20. Rbc1 (20. g4 $5 {[%cal Rg4h5]} b4 21. Na4 $11) 20... Nb6 (20... b4 $11 21. axb4 axb4) 21. Bd3 $16 c4 22. Bc2 (22. bxc4 $16 bxc4 23. Bc2) 22... Qc5 23. a4 (23. Ne2 $11 {remains equal.}) 23... b4 $36 {[%mdl 2048] Black is on the roll.} 24. Ne2 c3 25. Qd1 Nf6 26. Ned4 {[#]} Bb7 (26... Nfxd5 $1 $17 {[%mdl 512]} 27. exd5 Rxe1+ {[%mdl 64] Overworked Piece} 28. Qxe1 Bxd4 29. Nxd4 Qxd4) 27. Bf4 $11 {[#] Black must now prevent Nc6!} Nfxd5 $1 {[%mdl 512]} 28. exd5 {Nc6 is the strong threat.} Rxe1+ {[%mdl 64] Overworked Piece} 29. Qxe1 {Strongly threatening Ne6!} Bxd4 30. Nxd4 Qxd4 31. Be3 $2 {[%mdl 8192]} (31. Qe7 $11 {and White has nothing to worry.} Rd7 32. Qe8+ Kg7 33. Be3 Qxd5 34. f3) 31... Qxd5 $19 {[%csl Gb7][%cal Rd5g2]} 32. Bxb6 $2 (32. Qf1 $19 Nd7 33. f3) 32... Qxg2# {Av CentiPawn Loss W=-80/B=-62. Weighted=-157/-37} 0-1

[Event "XIV Figueira da Foz Open 2020"]
[Site "Figueira da Foz"]
[Date "2020.10.27"]
[Round "5.18"]
[White "Fernandes, Rui Miguel"]
[Black "Costa, Joao Guerra"]
[Result "0-1"]
[WhiteElo "1027"]
[BlackElo "2150"]
[Annotator "TA"]
[PlyCount "74"]
[EventDate "2020.10.24"]
[EventType "swiss"]
[EventCountry "POR"]
[SourceTitle "playchess.com"]
[Source "ChessBase"]
[SourceQuality "1"]

{[%evp 12,74,33,25,47,26,37,22,37,8,13,20,163,168,223,181,218,179,325,179,252,240,283,269,369,354,344,23,0,2,35,25,20,-23,-25,-35,-24,-23,95,107,106,103,99,89,81,0,0,0,12,0,96,-230,-262,-692,-692,-692,-685,-672,-629,-540,-375,-2353,-922,-29988,-29989]} 1. c4 c6 2. Nc3 d5 3. cxd5 cxd5 4. d4 Nf6 5. Bg5 e6 6. e3 Nbd7 7. Bd3 Bb4 {D51: Queen's Gambit Declined: 4 Bg5 Nbd7 sidelines.} 8. Nge2 O-O 9. O-O a6 {[#] The position is equal.} 10. Re1 $146 ({Predecessor:} 10. f3 Qa5 11. a3 Bd6 12. b4 Qc7 13. h3 Nh5 14. Rc1 Qb8 15. Bh4 b5 16. g4 {1-0 (61) Feller,S (2191)-Genzling,A (2112) France 2004}) 10... Re8 11. Qc2 {next Bxh7+! is good for White.} e5 {[#]} (11... h6 $11 12. Bh4 Be7) 12. Bxh7+ $1 $18 {[%mdl 576] Pin} Kf8 (12... Kh8 {might work better.} 13. a4 Nb6) (12... Nxh7 13. Bxd8) 13. Qb3 Be7 14. Bf5 ({Stronger than} 14. Nxd5 Nxd5 15. Bxe7+ Nxe7 $17) 14... Qa5 (14... exd4 $142 15. exd4 (15. Nxd4 Nc5 $16) 15... b5) 15. Rac1 (15. Bxd7 $142 Bxd7 16. dxe5) 15... Nc5 (15... exd4 $142 16. exd4 (16. Nxd4 Nc5 $16) 16... Qb4) 16. dxc5 Bxf5 17. Bxf6 ({Avoid the trap} 17. Qxb7 $2 Reb8 $19) 17... gxf6 18. Nxd5 Be6 19. Qb4 $2 ({Weaker is} 19. Qxb7 Rab8 $18) (19. e4 $18) 19... Qxb4 $11 20. Nxb4 a5 21. Nd3 Bxa2 22. Nc3 Bc4 23. Red1 Red8 (23... Rad8 $5 24. Ne1 $8 Rxd1 25. Nxd1 Bb3 $11) 24. Ne1 Bxc5 {[#]} (24... Rxd1 $11 25. Nxd1 Bb5) 25. Rxd8+ $1 $16 Rxd8 26. Ne4 Bb4 27. Rxc4 {aiming for Rc1.} Rd1 {[%cal Rd1e1]} 28. g3 (28. Rc8+ $16 Kg7 29. g4) 28... Rxe1+ $11 {[%mdl 4096] Endgame KRB-KRN} 29. Kg2 Kg7 30. Rc2 Rb1 (30... Ra1 $11 {remains equal.}) 31. b3 $2 {[%mdl 8192]} (31. g4 $16) 31... Rxb3 $19 32. Nd2 $2 (32. Rc7 b5 33. Rc6) 32... Bxd2 33. Rxd2 b5 34. Kf1 a4 {[%cal Ba5a4,Ba4a3][%mdl 32]} 35. Ke1 Rb1+ 36. Ke2 $2 (36. Rd1 Rb3 37. Kd2) 36... a3 {...Rb2 is the strong threat.} 37. Ra2 Rb2+ {[%mdl 64] Double Attack. What a bad dream for White. Av CentiPawn Loss W=-119/B=-66. Weighted=-155/-91} 0-1